000 00313nam a2200121Ia 4500
005 20260328104248.0
008 260328s9999||||xx |||||||||||||| ||und||
100 _aRodríguez Moreno, Jorge
245 0 _aLa Contaminacion del Agua /
_cJorge Rodríguez Moreno
260 _bPortobelo
650 _aAGUA
942 _cBK
999 _c10134
_d10134